| 000 | 00346nam a22001457a 4500 | ||
|---|---|---|---|
| 020 | _a978-81-8054-538-2 | ||
| 082 | _a650.01513 | ||
| 100 | _aSancheti, D. C. | ||
| 245 | _aBusiness Mathematics | ||
| 250 | _a11th | ||
| 260 |
_aNew Delhi: _bSultan Chand & Sons _c2011 |
||
| 300 | _aiv, 854p.: ill.; 22cm | ||
| 700 | _aKapoor, V. K. | ||
| 942 | _cBK | ||
| 999 |
_c22190 _d22190 |
||